<?xml version="1.0" encoding="UTF-8"?><?xml-stylesheet type="text/xsl" href="static/style.xsl"?><OAI-PMH xmlns="http://www.openarchives.org/OAI/2.0/" xmlns:xsi="http://www.w3.org/2001/XMLSchema-instance" xsi:schemaLocation="http://www.openarchives.org/OAI/2.0/ http://www.openarchives.org/OAI/2.0/OAI-PMH.xsd"><responseDate>2026-04-13T07:17:04Z</responseDate><request verb="GetRecord" identifier="oai:www.recercat.cat:2445/122789" metadataPrefix="marc">https://recercat.cat/oai/request</request><GetRecord><record><header><identifier>oai:recercat.cat:2445/122789</identifier><datestamp>2025-12-05T04:22:03Z</datestamp><setSpec>com_2072_1057</setSpec><setSpec>col_2072_478809</setSpec><setSpec>col_2072_478917</setSpec></header><metadata><record xmlns="http://www.loc.gov/MARC21/slim" xmlns:dcterms="http://purl.org/dc/terms/" xmlns:xsi="http://www.w3.org/2001/XMLSchema-instance" xmlns:doc="http://www.lyncode.com/xoai" xsi:schemaLocation="http://www.loc.gov/MARC21/slim http://www.loc.gov/standards/marcxml/schema/MARC21slim.xsd">
   <leader>00925njm 22002777a 4500</leader>
   <datafield ind2=" " ind1=" " tag="042">
      <subfield code="a">dc</subfield>
   </datafield>
   <datafield ind2=" " ind1=" " tag="720">
      <subfield code="a">Viladecans Marsal, Elisabet</subfield>
      <subfield code="e">author</subfield>
   </datafield>
   <datafield ind2=" " ind1=" " tag="260">
      <subfield code="c">2018-06-05T10:12:56Z</subfield>
   </datafield>
   <datafield ind2=" " ind1=" " tag="260">
      <subfield code="c">2018-06-05T10:12:56Z</subfield>
   </datafield>
   <datafield ind2=" " ind1=" " tag="260">
      <subfield code="c">2003</subfield>
   </datafield>
   <datafield ind2=" " ind1=" " tag="260">
      <subfield code="c">2018-06-05T10:12:57Z</subfield>
   </datafield>
   <datafield ind2=" " ind1=" " tag="520">
      <subfield code="a">Es un hecho fácilmente constatable que la actividad económica en general e industrial en particular se localiza de forma desigual a lo largo de la geografía española. El presente trabajo plantea un modelo que tiene como objetivo analizar la incidencia de las economías externas en la distribución territorial del empleo de los distintos sectores industriales. El modelo incorpora -a partir de la ampliación de las aportaciones de Marshall-, una serie de variables explicativas que cuantifican distintos tipos de economías externas. Algunas de estas variables son las tradicionales en este tipo de análisis y miden las denominadas economías de urbanización y localización. Sin embargo, se añaden otras variables que, por su dificultad de cálculo, no han sido incorporadas en las aportaciones más habituales. Se trata de las variables que miden las relaciones intersectoriales -presencia de proveedores y accesibilidad a la transferencia de tecnología- que también pueden incidir en la localización de las actividades manufactureras. Se dispone de una base de datos de ámbito local, hecho que supone un elemento novedoso en los análisis aplicados al caso español. Tras la estimación econométrica, los resultados indican que, efectivamente, las economías externas inciden en la distribución geográfica de las actividades industriales. No obstante, esta incidencia es muy distinta para los diferentes sectores manufactureros.</subfield>
   </datafield>
   <datafield tag="653" ind2=" " ind1=" ">
      <subfield code="a">Localització industrial</subfield>
   </datafield>
   <datafield tag="653" ind2=" " ind1=" ">
      <subfield code="a">Divisió del treball</subfield>
   </datafield>
   <datafield tag="653" ind2=" " ind1=" ">
      <subfield code="a">Productivitat laboral</subfield>
   </datafield>
   <datafield tag="653" ind2=" " ind1=" ">
      <subfield code="a">Econometria</subfield>
   </datafield>
   <datafield tag="653" ind2=" " ind1=" ">
      <subfield code="a">Industrial location</subfield>
   </datafield>
   <datafield tag="653" ind2=" " ind1=" ">
      <subfield code="a">Division of labor</subfield>
   </datafield>
   <datafield tag="653" ind2=" " ind1=" ">
      <subfield code="a">Labor productivity</subfield>
   </datafield>
   <datafield tag="653" ind2=" " ind1=" ">
      <subfield code="a">Econometrics</subfield>
   </datafield>
   <datafield ind2="0" ind1="0" tag="245">
      <subfield code="a">Efectos de las economías externas en la localización del empleo industrial</subfield>
   </datafield>
</record></metadata></record></GetRecord></OAI-PMH>